|
|
|
|
| LEADER |
00000naa2a2200000 4500 |
| 001 |
605814 |
| 005 |
20231101132354.0 |
| 035 |
|
|
|a (RuTPU)RU\TPU\conf\3126
|
| 035 |
|
|
|a RU\TPU\conf\3125
|
| 090 |
|
|
|a 605814
|
| 100 |
|
|
|a 20140430d2013 k y0rusy50 ca
|
| 101 |
0 |
|
|a rus
|
| 102 |
|
|
|a RU
|
| 105 |
|
|
|a a z 100zy
|
| 135 |
|
|
|a drnn ---uucaa
|
| 181 |
|
0 |
|a i
|
| 182 |
|
0 |
|a b
|
| 200 |
1 |
|
|a Экспериментальный анализ самоценности монополии
|f А. С. Щукина
|
| 203 |
|
|
|a Текст
|c электронный
|
| 215 |
|
|
|a 1 файл (293 Кб)
|
| 225 |
1 |
|
|a Трансформация экономической роли человека в условиях становления информационного общества
|
| 230 |
|
|
|a Электронные текстовые данные (1 файл : 293 Кб)
|
| 300 |
|
|
|a Заглавие с титульного листа.
|
| 320 |
|
|
|a [Библиогр.: с. 389 (1 назв.)]
|
| 337 |
|
|
|a Adobe Reader
|
| 463 |
|
1 |
|0 (RuTPU)RU\TPU\conf\2405
|t Трансформация научных парадигм и коммуникативные практики в информационном социуме
|o сборник научных трудов конференции, г. Томск, 22-23 ноября 2012 г.
|f Национальный исследовательский Томский политехнический университет (ТПУ) ; ред. коллегия В. И. Турнаев [и др.]
|v [С. 387-389]
|d 2013
|
| 610 |
1 |
|
|a труды учёных ТПУ
|
| 610 |
1 |
|
|a электронный ресурс
|
| 610 |
1 |
|
|a монополии
|
| 610 |
1 |
|
|a прибыль
|
| 610 |
1 |
|
|a эксперименты
|
| 610 |
1 |
|
|a экономика
|
| 700 |
|
1 |
|a Щукина
|b А. С.
|
| 801 |
|
2 |
|a RU
|b 63413507
|c 20140430
|g RCR
|
| 856 |
4 |
|
|u http://www.lib.tpu.ru/fulltext/c/2012/C26/158.pdf
|
| 942 |
|
|
|c BK
|